00671cam a2200217 u 450000500170000000800410001701000140005802000260007202000230009803500130012103700150013404000180014908200120016710000200017924500770019926000350027630000340031165000470034565000470039270000140043920041208034837.0790814r1979 caua b 000 0 eng  aENG-92480 a9788125033608c395.00 a8125033602c395.00 aEN-76013 bDBAD / PUB adplbEnglish  a618.076 aReddy, Pranathi aMRCOG part 2:cby Pranathi Reddy [and] Uma Ram ba structured approach / aChennaibOrient Longman c2008 a274p. c22 cm (pbk)e1 CD-ROM aObstetrics vExaminations, questions, etc. aGynecology vExaminations, questions, etc. aRam, Uma